000 01075cam a2200313Ia 4500
001 41916899
003 OCoLC
005 20180421181057.0
008 990719t19991995nyua j 000 1 spa d
010 _z94040900
020 _a0140565418
020 _a9780140565416
040 _aCWJ
_cCWJ
_dOCL
_dCNL
_dCoBoFLC
041 1 _aspa
_heng
050 1 0 _aPZ73
_b.D659 1999
100 1 _aDorros, Arthur.
245 1 3 _aLa isla /
_cpor Arthur Dorros ; ilustrado por Elisa Kleven ; traducido por Sandra Marulanda Dorros.
260 _aNew York :
_bPuffin Books,
_c1999, c1995.
300 _a1 v. (unpaged) :
_bcol. ill. ;
_c28 cm.
500 _aText in Spanish.
520 _aA young girl and her grandmother take an imaginary journey to the Caribbean island where her mother grew up and where some of her family still lives.
650 1 _aIslands
_vFiction.
650 1 _aGrandmothers
_vFiction.
650 1 _aHispanic Americans
_vFiction.
651 0 _aCaribbean Area
_vFiction.
655 1 _aSpanish language materials.
700 1 _aKleven, Elisa.
942 _cBK
_2ddc
999 _c19399
_d19399